000 00777nam a22002057a 4500
999 _c9858
_d9858
003 AR-CdUCM
008 190328b ||||| |||| 00| 0 spa d
040 _aMUNICIPALIDAD PROVINCIAL DEL CUSCO
_cBIBLIOTECA MUNICIPAL DEL CUSCO
082 _aC / 985.02 /
_bC83A
100 _aCovarrubias Pozo, Jesús Manuel
_926295
245 _aSegundo libro de actas :
_bAcuerdos - proveimientos - mandatos y ordenanzas de los magníficos señores del Cabildo, Justicia y Regimiento de la ciudad del Cuzco /
260 _aCusco :
_c1963.
300 _a228 páginas ;
_c25 cm.
505 _aContenido: Libro de actas de cabildo cusco.
650 _aLibro de actas
_926356
650 _aCabildos Cusco
_926357
650 _aRegimiento de Cusco
_926358
942 _2ddc
_cLIBROS
945 _adavv